images (140×140)   Dow University of Health Sciences Library Catalogue

Welcome to Dow University of Health Sciences Library Online Public Access Catalog

Pathology and Therapeutics for Pharmacists: A Basis for Clinical Pharmacy Practice. (Record no. 8085)

MARC details
000 -LEADER
fixed length control field 00455nam a2200157Ia 4500
008 - FIXED-LENGTH DATA ELEMENTS--GENERAL INFORMATION
fixed length control field 241014s9999||||xx |||||||||||||| ||und||
020 ## - INTERNATIONAL STANDARD BOOK NUMBER
International Standard Book Number 978-0853696902
060 ## - NATIONAL LIBRARY OF MEDICINE CALL NUMBER
Classification number QV 38 G 2008
100 ## - MAIN ENTRY--PERSONAL NAME
Personal name Russell J. Greene, Norman D. Harris
245 #0 - TITLE STATEMENT
Title Pathology and Therapeutics for Pharmacists: A Basis for Clinical Pharmacy Practice.
250 ## - EDITION STATEMENT
Edition statement 3rd
260 ## - PUBLICATION, DISTRIBUTION, ETC.
Name of publisher, distributor, etc. Pharmaceutical Press
Date of publication, distribution, etc. 2008
300 ## - PHYSICAL DESCRIPTION
Extent 982
650 ## - SUBJECT ADDED ENTRY--TOPICAL TERM
Topical term or geographic name entry element Pharmacology
942 ## - ADDED ENTRY ELEMENTS (KOHA)
-- DIMC
Koha item type Books

No items available.




©2026, All rights reserved. Dow University of Health Sciences, Karachi, Pakistan.